| 000 | 00311nam a22001097a 4500 | ||
|---|---|---|---|
| 008 | 140103b xxu||||| |||| 00| 0 eng d | ||
| 010 | _a2004058182 | ||
| 020 |
_a007124493x _cAvailable |
||
| 082 |
_2Third Ed _a532.0533WHI _b002635 |
||
| 245 |
_aViscous Fluid Flow _cWhite Frank M. |
||
| 260 |
_aSingapor _bMcGraw-Hill _c2006 |
||
| 999 |
_c23753 _d23753 |
||